| 000 | 00614nam a22002177a 4500 | ||
|---|---|---|---|
| 005 | 20211221115454.0 | ||
| 008 | 211221b ||||| |||| 00| 0 eng d | ||
| 020 | _a9789391060794 | ||
| 040 |
_aIN-DiNC _cIN-DiNC |
||
| 041 | _dasm | ||
| 082 |
_a338.9/ _bDEV |
||
| 245 |
_aDevelopment economics-1 _bby Minati Gogoi Baruah and others |
||
| 250 | _a1st ed. | ||
| 260 |
_aDibrugarh _bBanalata _c2021 |
||
| 300 | _a244p. | ||
| 700 |
_aGogoi Baruah, Minati _eauthor |
||
| 700 |
_aBorah, Arindam _eauthor |
||
| 700 |
_aNeog, Brajen Chandra _eauthor |
||
| 700 |
_aMahanta Hazarika, Bidisha _eauthor |
||
| 942 |
_2ddc _cBK |
||
| 999 |
_c11253 _d11253 |
||